Contribución al estudio de cargas sísmicas sobre edificios. /

Guardado en:
Autor Principal: Gershanik, Simón.
Formato: Libro
Idioma:Spanish
Publicado: La Plata : Universidad nacional, 1951.
Series:Serie Geofísica, VIII
Etiquetas: Agregar Etiqueta
Sin Etiquetas, Sea el primero en etiquetar este registro!
LEADER 00506nam a22001575a 4500
001 EUN.um036724
003 AR-BaUNS
005 20050623122909.0
008 041125s1951####ag############000#0#spa#d
245 1 0 |a Contribución al estudio de cargas sísmicas sobre edificios. /  |c Simón Gershanik. 
260 |a La Plata :  |b Universidad nacional,  |c 1951. 
300 |a 48 p. 
490 0 |a Serie Geofísica, VIII 
100 1 |a Gershanik, Simón. 
082 0 4 |a 624.171 
859 |a Ar-BaUNS  |b BIB. CENTRAL - Sector C  |h 624.171  |i G322  |p 99430/991